Bhojapurī aura Hindī : (Record no. 80995)
[ view plain ]
| 000 -LEADER | |
|---|---|
| fixed length control field | 00836cam a22002294a 4500 |
| 001 - CONTROL NUMBER | |
| control field | sa 68005907 |
| 003 - CONTROL NUMBER IDENTIFIER | |
| control field | DLC |
| 005 - DATE AND TIME OF LATEST TRANSACTION | |
| control field | 20260227112512.0 |
| 008 - FIXED-LENGTH DATA ELEMENTS--GENERAL INFORMATION | |
| fixed length control field | 831227s1967 ii b 000 0 hino |
| 010 ## - LIBRARY OF CONGRESS CONTROL NUMBER | |
| LC control number | sa 68005907 |
| 040 ## - CATALOGING SOURCE | |
| Original cataloging agency | DLC |
| Transcribing agency | DLC |
| Modifying agency | DLC |
| 041 0# - LANGUAGE CODE | |
| Language code of text/sound track or separate title | hin |
| -- | bho |
| 050 00 - LIBRARY OF CONGRESS CALL NUMBER | |
| Classification number | PK1826 |
| Item number | .S54 1967 |
| 100 1# - MAIN ENTRY--PERSONAL NAME | |
| Personal name | Siṃha, Śukadeva, |
| Dates associated with a name | 1933-2007. |
| 245 10 - TITLE STATEMENT | |
| Title | Bhojapurī aura Hindī : |
| Remainder of title | Maithilī, Magahī, Vajjikā, Aṅgikā aura Nepālī pariśishṭa pūrvaka / |
| Statement of responsibility, etc. | Śukadeva Siṃha. |
| 260 ## - PUBLICATION, DISTRIBUTION, ETC. | |
| Place of publication, distribution, etc. | Mujaphpharapura : |
| Name of publisher, distributor, etc. | Bhāvanā Prakāśana, |
| Date of publication, distribution, etc. | 1967. |
| 300 ## - PHYSICAL DESCRIPTION | |
| Extent | 1 v. (various pagings) ; |
| Dimensions | 22 cm |
| 546 ## - LANGUAGE NOTE | |
| Language note | Hindi and Bhojpuri. |
| 504 ## - BIBLIOGRAPHY, ETC. NOTE | |
| Bibliography, etc. note | Includes bibliographical references (p. [1] (last group). |
| 650 #0 - SUBJECT ADDED ENTRY--TOPICAL TERM | |
| Topical term or geographic name entry element | Bhojpuri language |
| General subdivision | Grammar, Comparative |
| -- | Hindi. |
| 650 #0 - SUBJECT ADDED ENTRY--TOPICAL TERM | |
| Topical term or geographic name entry element | Hindi language |
| General subdivision | Grammar, Comparative |
| -- | Bhojpuri. |
No items available.